| 000 | 00562nam a2200181Ia 4500 | ||
|---|---|---|---|
| 999 |
_c23353 _d23353 |
||
| 003 | OSt | ||
| 005 | 20200320094953.0 | ||
| 008 | 190216s9999||||xx |||||||||||||| ||und|| | ||
| 020 | _a9789382328872 | ||
| 040 | _coclc | ||
| 082 |
_a297 _bENG/O |
||
| 100 |
_aEngineer, Asghar Ali _91798 _d1939-2013. |
||
| 245 | 0 |
_aOru Indian Musliminte Swathanthra Chinthakal / _cAsghar Ali Engineer |
|
| 260 |
_bChintha Publishers, _c2012. _aThiruvananthapuram: |
||
| 300 | _a88p | ||
| 650 | _aIslamic History | ||
| 942 |
_cBK _2ddc _h297 _iENG/O _k297 _mENG/O |
||